00444nam a22001577a 4500003000400000008004100004020001800045082001200063100004600075245005500121250001200176260005000188300001100238650001300249700002400262OSt240427b |||||||| |||| 00| 0 eng d a9789354534348 a540 CHE aCHAKRABORTY, Jit and GUPTA, Asimesh Dutta aEngineering Chemistry - I: Concepts & Applications aReprint aNoidabVikas Publishing House Pvt. Ltd.c2022 a416 p. aApp. Sc. aKAMLEKAR, Ravikanth